[Event "Milan Crespi op-B 33rd"]
[Site "Milan"]
[Date "2012.12.06"]
[Round "7"]
[White "Van den Bersselaar, Jeroen"]
[Black "Novelli, Cristiano"]
[Result "0-1"]
[WhiteElo "2176"]
[BlackElo "2051"]
[PlyCount "80"]
[EventDate "2012.12.01"]
[EventType "swiss"]
[EventRounds "9"]
[EventCountry "ITA"]
[SourceTitle "EXT 2014"]
[Source "ChessBase"]
[SourceDate "2013.11.20"]
[SourceVersion "1"]
[SourceVersionDate "2013.11.20"]
[SourceQuality "1"]

1. d4 d5 2. c4 e5 3. dxe5 d4 4. Nf3 Nc6 5. a3 Bg4 6. Nbd2 Qe7 7. Qa4 0-0-0 8. b4 Kb8 9. Bb2 Nxe5 10. Nxe5 Qxe5 11. h3 Bf5 12. Nf3 Qe4 13. Rd1 c5 14. g4 Bd7 15. Qb3 Qe8 16. b5 Bd6 17. Bg2 f5 18. g5 h6 19. gxh6 Nxh6 20. Kf1 f4 21. Ng5 Qe7 22. Ne4 Be5 23. a4 Nf5 24. Rg1 Rhf8 25. Rd3 Nh4 26. Bh1 f3 27. Rxf3 Nxf3 28. Bxf3 Bxh3+ 29. Ke1 d3 30. Bc1 Qd7 31. Bg5 dxe2 32. Kxe2 Rde8 33. Bh5 Qd4 34. Qd3 Qb2+ 35. Bd2 Bf5 36. Bxe8 Rxe8 37. f3 Bf6 38. Qd6+ Ka8 39. Qf4 Bxe4 40. fxe4 Qd4 0-1

[Event "Florence op 6th"]
[Site "Florence"]
[Date "2012.11.04"]
[Round "7"]
[White "Scali, Fausto"]
[Black "Novelli, Cristiano"]
[Result "0-1"]
[WhiteElo "1882"]
[BlackElo "2022"]
[PlyCount "106"]
[EventDate "2012.11.01"]
[EventType "swiss"]
[EventRounds "7"]
[EventCountry "ITA"]
[SourceTitle "EXT 2014"]
[Source "ChessBase"]
[SourceDate "2013.11.20"]
[SourceVersion "1"]
[SourceVersionDate "2013.11.20"]
[SourceQuality "1"]

1. d4 d5 2. c4 e6 3. Nc3 c6 4. e3 f5 5. Nf3 Nf6 6. Bd3 Bd6 7. 0-0 0-0 8. c5 Bc7 9. b4 Ne4 10. Bb2 Nd7 11. b5 e5 12. Ne2 Qe7 13. bxc6 bxc6 14. Qa4 Rf6 15. Bxe4 fxe4 16. Nxe5 Nxe5 17. dxe5 Bxe5 18. Bxe5 Qxe5 19. Qd4 Qe8 20. Nf4 Rh6 21. Rfe1 Ba6 22. h3 Rf6 23. Rab1 Qf7 24. Qe5 Re8 25. Rb8 Bc8 26. Qh5 Rxf4 27. Qg5 Rxf2 28. Reb1 Rf8 29. Qg3 Rxa2 30. Ra8 h6 31. Rbb8 Qf1+ 32. Kh2 Ra1 33. Qg6 Qg1+ 34. Kg3 Qxe3+ 35. Kh2 Qf4+ 36. Qg3 Rh1+ 37. Kxh1 Qxg3 38. Rxc8 Rxc8 39. Rxc8+ Kf7 40. Rxc6 e3 41. Ra6 e2 42. Rxa7+ Ke6 43. Ra6+ Ke5 44. Ra1 d4 45. c6 e1R+ 46. Rxe1+ Qxe1+ 47. Kh2 Kd6 48. c7 Kxc7 49. h4 Qxh4+ 50. Kg1 Qg3 51. Kf1 d3 52. Kg1 d2 53. Kf1 d1Q# 0-1

[Event "Chioggia op-A 07th"]
[Site "Chioggia"]
[Date "2012.10.14"]
[Round "4"]
[White "Desideri, Alessandro"]
[Black "Novelli, Cristiano"]
[Result "0-1"]
[WhiteElo "1800"]
[BlackElo "2025"]
[PlyCount "104"]
[EventDate "2012.10.12"]
[EventType "swiss"]
[EventRounds "5"]
[EventCountry "ITA"]
[SourceTitle "EXT 2014"]
[Source "ChessBase"]
[SourceDate "2013.11.20"]
[SourceVersion "1"]
[SourceVersionDate "2013.11.20"]
[SourceQuality "1"]

1. e4 c5 2. Nf3 d6 3. d3 Nc6 4. Nbd2 g6 5. g3 Bg7 6. Bg2 Bd7 7. 0-0 Nf6 8. Re1 e5 9. Nc4 Bg4 10. h3 Bxf3 11. Bxf3 b5 12. Ne3 0-0 13. c3 Qd7 14. Kg2 Ne7 15. Ng4 Kh8 16. Be3 Nfg8 17. h4 Rae8 18. a4 a6 19. h5 f5 20. hxg6 Nxg6 21. exf5 Rxf5 22. Be4 Rh5 23. Rh1 Rxh1 24. Kxh1 Nf6 25. Nxf6 Bxf6 26. Qh5 Rg8 27. Bd5 Rb8 28. Kg2 Qg7 29. Kh2 b4 30. Qh6 Qe7 31. Be4 bxc3 32. bxc3 Qg7 33. Qh5 Ne7 34. Qh3 d5 35. Bg2 e4 36. Bf4 Rb2 37. dxe4 dxe4 38. Rd1 Rxf2 39. Rd8+ Ng8 40. Rd7 Qg6 41. Be3 Re2 42. Bxc5 Bxc3 43. Rd6 Qg5 44. Rd7 Nh6 45. Rc7 Ng4+ 46. Kg1 Qf5 47. Rxh7+ Qxh7 48. Qxg4 Re1+ 49. Bf1 Qf7 50. Qc8+ Kg7 51. Qxa6 e3 52. Qd3 Qf2+ 0-1

[Event "Pistoia Province-ch"]
[Site "Pistoia"]
[Date "2011.01.18"]
[Round "5"]
[White "Biagini, Leonardo"]
[Black "Novelli, Cristiano"]
[Result "1-0"]
[WhiteElo "1962"]
[BlackElo "2039"]
[PlyCount "53"]
[EventDate "2011.01.08"]
[EventType "swiss"]
[EventRounds "6"]
[EventCountry "ITA"]
[SourceTitle "EXT 2015"]
[Source "ChessBase"]
[SourceDate "2014.11.20"]
[SourceVersion "1"]
[SourceVersionDate "2014.11.20"]
[SourceQuality "1"]

1. e4 c5 2. Nf3 d6 3. Bb5+ Bd7 4. Bxd7+ Qxd7 5. 0-0 Nc6 6. Re1 Nf6 7. e5 dxe5 8. Nxe5 Nxe5 9. Rxe5 e6 10. Qf3 h6 11. d3 Bd6 12. Re1 0-0-0 13. Nc3 Nd5 14. g3 Nb4 15. Qe2 h5 16. Ne4 h4 17. c3 hxg3 18. cxb4 Rxh2 19. Qf3 gxf2+ 20. Nxf2 Rdh8 21. Bf4 R2h4 22. Bg3 Bxg3 23. Qxg3 Qd5 24. Rac1 b6 25. bxc5 b5 26. Qg2 Qxa2 27. Ra1 1-0

[Event "Pistoia Province-ch"]
[Site "Pistoia"]
[Date "2011.01.15"]
[Round "4"]
[White "Bigagli, Rodolfo"]
[Black "Novelli, Cristiano"]
[Result "0-1"]
[WhiteElo "2002"]
[BlackElo "2039"]
[PlyCount "60"]
[EventDate "2011.01.08"]
[EventType "swiss"]
[EventRounds "6"]
[EventCountry "ITA"]
[SourceTitle "EXT 2015"]
[Source "ChessBase"]
[SourceDate "2014.11.20"]
[SourceVersion "1"]
[SourceVersionDate "2014.11.20"]
[SourceQuality "1"]

1. e4 c5 2. Nf3 d6 3. d4 cxd4 4. Nxd4 Nf6 5. Nc3 g6 6. Be3 Bg7 7. f3 a6 8. Qd2 Nbd7 9. 0-0-0 b5 10. h4 h5 11. Kb1 Bb7 12. Bd3 Rc8 13. Nce2 Ne5 14. Rhe1 Nfd7 15. Nf4 Nc5 16. Rc1 Nc4 17. Bxc4 bxc4 18. Nde2 Na4 19. c3 Qa5 20. Nd5 Nc5 21. Bxc5 Rxc5 22. Red1 Bxd5 23. exd5 Bh6 24. f4 0-0 25. Rc2 Rb8 26. Qd4 Qa3 27. Nc1 Bg7 28. Qf2 Bxc3 29. Nb3 cxb3 30. bxa3 bxc2+ 0-1

[Event "Isola d'Elba op 27th"]
[Site "Capoliveri"]
[Date "2009.05.??"]
[Round "7"]
[White "Colombo, Paolo"]
[Black "Novelli, Cristiano"]
[Result "1-0"]
[WhiteElo "2138"]
[BlackElo "2099"]
[PlyCount "67"]
[EventDate "2009.05.10"]
[EventType "swiss"]
[EventRounds "9"]
[EventCountry "ITA"]
[SourceTitle "EXT 2011"]
[Source "ChessBase"]
[SourceDate "2010.11.26"]
[SourceVersion "1"]
[SourceVersionDate "2010.11.26"]
[SourceQuality "1"]

1. d4 d5 2. Nf3 Nf6 3. e3 g6 4. Nbd2 Bg7 5. Be2 c5 6. 0-0 cxd4 7. exd4 Nc6 8. c3 0-0 9. Re1 Qc7 10. Nf1 Bd7 11. Bd3 Bg4 12. Ne3 e5 13. Nxg4 Nxg4 14. dxe5 Ncxe5 15. Nxe5 Nxe5 16. Bf4 Rfe8 17. Bg3 Qb6 18. Re2 Nc6 19. Qe1 Rxe2 20. Qxe2 d4 21. Re1 dxc3 22. bxc3 Qc5 23. Bc4 Rf8 24. Rd1 Ne5 25. Bd5 Qxc3 26. Bxb7 Nc4 27. Bd5 Ne5 28. h3 a5 29. Bb3 h5 30. Qe4 Kh7 31. Rd5 f5 32. Qa4 h4 33. Qxh4+ Bh6 34. Bxe5 1-0

[Event "Genova op 10th"]
[Site "Genova"]
[Date "2006.08.12"]
[Round "7"]
[White "Novelli, Cristiano"]
[Black "Accattato Martin, Mario"]
[Result "0-1"]
[WhiteElo "2145"]
[BlackElo "2089"]
[PlyCount "78"]
[EventDate "2006.08.07"]
[EventType "swiss"]
[EventRounds "9"]
[EventCountry "ITA"]
[SourceTitle "CBM 113 Extra"]
[Source "ChessBase"]
[SourceDate "2006.09.14"]
[SourceVersion "1"]
[SourceVersionDate "2006.09.14"]
[SourceQuality "1"]

1. e4 c5 2. Nc3 Nc6 3. g3 g6 4. Bg2 Bg7 5. d3 e6 6. Be3 d6 7. Qd2 Rb8 8. Nge2 Nd4 9. Nc1 b6 10. 0-0 Ne7 11. Nd1 0-0 12. c3 Ndc6 13. Bh6 d5 14. Bxg7 Kxg7 15. f3 f5 16. Nf2 dxe4 17. fxe4 Ba6 18. Ne2 Qd6 19. Rad1 Rbd8 20. a3 e5 21. exf5 gxf5 22. g4 f4 23. Bf3 Nd5 24. Ne4 Qg6 25. h4 Ne3 26. h5 Qe6 27. Rf2 Bxd3 28. Ng5 Qe7 29. h6+ Kg8 30. Qxd3 Qxg5 31. Bxc6 Rxd3 32. Rxd3 Qxg4+ 33. Kh1 Qh4+ 34. Rh2 Qe1+ 35. Ng1 f3 36. Bxf3 Rxf3 37. Rg2+ Kf8 38. Rh2 Qxg1+ 39. Kxg1 Rf1# 0-1

[Event "Genova op 10th"]
[Site "Genova"]
[Date "2006.08.11"]
[Round "5"]
[White "Novelli, Cristiano"]
[Black "Di Lascio, Savino"]
[Result "1-0"]
[WhiteElo "2145"]
[BlackElo "2048"]
[PlyCount "83"]
[EventDate "2006.08.07"]
[EventType "swiss"]
[EventRounds "9"]
[EventCountry "ITA"]
[SourceTitle "CBM 113 Extra"]
[Source "ChessBase"]
[SourceDate "2006.09.14"]
[SourceVersion "1"]
[SourceVersionDate "2006.09.14"]
[SourceQuality "1"]

1. e4 c6 2. d4 d5 3. exd5 cxd5 4. c4 Nf6 5. Nc3 Nc6 6. Nf3 g6 7. cxd5 Nxd5 8. Qb3 e6 9. Be2 Bg7 10. 0-0 0-0 11. Rd1 Re8 12. Bf1 Qb6 13. Qc2 Nxd4 14. Nxd4 Bxd4 15. Na4 Nb4 16. Qd2 Qd6 17. a3 Nc6 18. Nc3 e5 19. Ne4 Qd8 20. Qh6 f6 21. Bg5 fxg5 22. Nxg5 Qf6 23. Bc4+ Be6 24. Bxe6+ Rxe6 25. Qxh7+ Kf8 26. Qh6+ Kg8 27. Qh7+ Kf8 28. Nxe6+ Qxe6 29. Rd3 e4 30. Rxd4 Nxd4 31. Qh8+ Ke7 32. Qxa8 Qb6 33. Re1 Qc6 34. Qh8 Qd5 35. Qg7+ Kd8 36. Qf8+ Kd7 37. h3 Nf5 38. Qb4 Nd4 39. Qa4+ Ke7 40. Rd1 Ne2+ 41. Kf1 Qh5 42. Qxe4+ 1-0

[Event "Assisi op-A"]
[Site "Assisi"]
[Date "2006.02.03"]
[Round "2"]
[White "Frigieri, Fabrizio"]
[Black "Novelli, Cristiano"]
[Result "1/2-1/2"]
[WhiteElo "2096"]
[BlackElo "2073"]
[PlyCount "70"]
[EventDate "2006.02.02"]
[EventType "swiss"]
[EventRounds "6"]
[EventCountry "ITA"]
[SourceTitle "EXT 2007"]
[Source "ChessBase"]
[SourceDate "2006.11.23"]
[SourceVersion "1"]
[SourceVersionDate "2006.11.23"]
[SourceQuality "1"]

1. e4 e5 2. Nf3 Nc6 3. Bb5 Qf6 4. 0-0 Bc5 5. c3 Nge7 6. a4 a6 7. Bc4 0-0 8. Na3 d6 9. d4 exd4 10. Bg5 Qg6 11. cxd4 Bxa3 12. Rxa3 Bg4 13. Qd2 h6 14. Bf4 b5 15. Ba2 Kh8 16. d5 Bxf3 17. Rxf3 Ne5 18. Rg3 Qf6 19. Rc1 Rac8 20. Rgc3 c5 21. dxc6 Rxc6 22. Bxe5 dxe5 23. Qd7 Rd6 24. Qa7 Rfd8 25. g3 b4 26. Rc7 Qf3 27. Bd5 Nxd5 28. exd5 Rxd5 29. Rf1 Rd1 30. Rc1 R1d2 31. Qe7 e4 32. Rce1 f5 33. Re3 Qg4 34. Qxb4 R8d4 35. Qc3 Qg6 1/2-1/2